Women's writing (Record no. 18578)

MARC details
000 -LEADER
fixed length control field 00443nam a2200169Ia 4500
008 - FIXED-LENGTH DATA ELEMENTS--GENERAL INFORMATION
fixed length control field 230917s9999||||xx |||||||||||||| ||und||
020 ## - ISBN
Price RS800
040 ## - CATALOGING SOURCE
-- 232892
Original cataloging agency VIVEKANANDA LIBRARY
041 ## - Language
-- English
082 ## - DDC NUMBER
Classification number 809.89287 A67W
100 ## - MAIN ENTRY--PERSONAL NAME
Personal name Arora, Deepa
245 #0 - TITLE STATEMENT
Title Women's writing
260 ## - PUBLICATION, DISTRIBUTION, ETC. (IMPRINT)
Place of publication, distribution, etc Jaipur
Name of publisher, distributor, etc RBSA Publishers
Date of publication, distribution, etc 2010
300 ## - PHYSICAL DESCRIPTION
Pages vii, 298 p.
500 ## - GENERAL NOTE
General note 2317 29/03/2016 UBC15/7448 29/03/2016 Women Studies Centre
942 ## - ADDED ENTRY ELEMENTS (KOHA)
Koha item type Books
Holdings
Withdrawn status Lost status Damaged status Not for loan Location (home branch) Sublocation or collection (holding branch) Date acquired Koha issues (times borrowed) Koha full call number Accession No. Koha date last seen Koha item type
        VIVEKANANDA LIBRARY VIVEKANANDA LIBRARY 04/05/2016 2 809.89287 A67W 357956 15/04/2024 Books
© Designed and Maintained by Vivekananda Library, MDU Rohtak